[Event "Titled Tuesday intern op 21st May Late"]
[Site "Chess.com INT"]
[Date "2024.05.21"]
[Round "7"]
[White "Gallegos, Carlos"]
[Black "Hernando Rodrigo, Julio Antonio"]
[Result "0-1"]
[WhiteElo "2374"]
[BlackElo "2233"]
[PlyCount "72"]
[EventDate "2024.05.21"]
[EventType "swiss (blitz)"]
[EventRounds "11"]
[EventCountry "USA"]
[SourceTitle "CB22_2024"]
[SourceDate "2024.05.29"]
[SourceVersion "1"]
[SourceVersionDate "2024.05.29"]
[SourceQuality "1"]

1. e4 e6 2. Nf3 d5 3. d3 Nf6 4. Nbd2 Nc6 5. Be2 e5 6. 0-0 dxe4 7. dxe4 Bc5 8. c3 Qe7 9. b4 Bd6 10. a3 a6 11. Bb2 0-0 12. Re1 b5 13. c4 bxc4 14. Bxc4 Bg4 15. h3 Bh5 16. Qa4 Nd8 17. Nh4 Bg6 18. Nf5 Qe8 19. Qb3 Bxf5 20. exf5 Qc6 21. Rac1 Qb6 22. Bxe5 Bxe5 23. Rxe5 Qd6 24. Nf3 Nc6 25. Rc5 Nd4 26. Nxd4 Qxd4 27. Rxc7 Qf4 28. Qf3 Qxc1+ 29. Kh2 Kh8 30. Qc6 Rad8 31. g3 Rd2 32. Qc5 Rdd8 33. h4 Qxa3 34. Bxf7 Qf3 35. h5 Ng4+ 36. Kh3 Nxf2+ 0-1

[Event "Titled Tuesday intern op 21st May Late"]
[Site "Chess.com INT"]
[Date "2024.05.21"]
[Round "5"]
[White "Gallegos, Carlos"]
[Black "Tristan, Leonardo"]
[Result "0-1"]
[WhiteElo "2374"]
[BlackElo "2527"]
[PlyCount "68"]
[EventDate "2024.05.21"]
[EventType "swiss (blitz)"]
[EventRounds "11"]
[EventCountry "USA"]
[SourceTitle "CB22_2024"]
[SourceDate "2024.05.29"]
[SourceVersion "1"]
[SourceVersionDate "2024.05.29"]
[SourceQuality "1"]

1. e4 d5 2. d3 Nf6 3. Nd2 e6 4. Ngf3 c5 5. Be2 Nc6 6. 0-0 b6 7. c3 Bb7 8. Re1 Be7 9. Bf1 Qc7 10. a3 dxe4 11. dxe4 0-0 12. b4 cxb4 13. cxb4 Ne5 14. Bb2 Nxf3+ 15. Qxf3 Rfd8 16. Rac1 Qd7 17. Nc4 Rac8 18. Ne5 Rxc1 19. Rxc1 Qd2 20. Nc4 Qg5 21. Re1 h5 22. g3 h4 23. Bc1 Bxe4 24. Rxe4 Qxc1 25. Rxh4 Rd1 26. Ne3 Rd8 27. Rc4 Qxa3 28. Rc7 Qxb4 29. Rxa7 Bf8 30. Ng4 Qxg4 31. Qb7 Qg6 32. Bc4 Rd1+ 33. Bf1 Qd3 34. Qxf7+ Kh7 0-1

[Event "Titled Tuesday intern op 21st May Late"]
[Site "Chess.com INT"]
[Date "2024.05.21"]
[Round "4"]
[White "Goryachkina, Aleksandra"]
[Black "Gallegos, Carlos"]
[Result "1/2-1/2"]
[WhiteElo "2545"]
[BlackElo "2374"]
[PlyCount "98"]
[EventDate "2024.05.21"]
[EventType "swiss (blitz)"]
[EventRounds "11"]
[EventCountry "USA"]
[SourceTitle "CB22_2024"]
[SourceDate "2024.05.29"]
[SourceVersion "1"]
[SourceVersionDate "2024.05.29"]
[SourceQuality "1"]

1. e4 d6 2. d4 Nf6 3. Nc3 c6 4. Nf3 Qa5 5. Bd3 e5 6. 0-0 Be7 7. h3 0-0 8. Ne2 Re8 9. Ng3 h6 10. Re1 Nbd7 11. c3 Bf8 12. Bd2 Qc7 13. Nh4 b5 14. Nhf5 Bb7 15. Nh5 a6 16. Nxf6+ Nxf6 17. Qf3 Re6 18. Qg3 Kh8 19. Bc2 exd4 20. cxd4 Rae8 21. f3 Nh7 22. Bb3 Rg6 23. Qf2 c5 24. d5 c4 25. Bc2 Bc8 26. Nh4 Rf6 27. Bc3 Re5 28. Kh1 Qd8 29. Qa7 Bxh3 30. gxh3 Rh5 31. Bxf6 Qxf6 32. Nf5 g6 33. Qd4 Rxf5 34. Qxf6+ Rxf6 35. b4 Rxf3 36. Kg2 Rc3 37. Re2 Bg7 38. Rf1 Ng5 39. h4 Nh7 40. Rxf7 Be5 41. Ra7 Nf6 42. Rxa6 Nh5 43. Kf2 Bd4+ 44. Ke1 Nf4 45. Rh2 Bg1 46. Rd2 Be3 47. Rh2 Bg1 48. Rd2 Be3 49. Rh2 Bg1 1/2-1/2

[Event "Titled Tuesday intern op 14th May Late"]
[Site "Chess.com INT"]
[Date "2024.05.14"]
[Round "10"]
[White "Gallegos, Carlos"]
[Black "Buchenau, Frank"]
[Result "0-1"]
[WhiteElo "2374"]
[BlackElo "2176"]
[PlyCount "90"]
[EventDate "2024.05.14"]
[EventType "swiss (blitz)"]
[EventRounds "11"]
[EventCountry "USA"]
[SourceTitle "CB21_2024"]
[SourceDate "2024.05.22"]
[SourceVersion "1"]
[SourceVersionDate "2024.05.22"]
[SourceQuality "1"]

1. e4 e6 2. Nf3 d5 3. d3 dxe4 4. dxe4 Qxd1+ 5. Kxd1 Bc5 6. Ke1 b6 7. Bd3 Bb7 8. Ke2 Nf6 9. Nbd2 Nbd7 10. h3 0-0-0 11. e5 Nd5 12. Ne4 Nb4 13. Bg5 Nxd3 14. cxd3 Rde8 15. Nxc5 Nxc5 16. Be3 Nd7 17. d4 Ba6+ 18. Kd2 f6 19. Rhc1 Rhf8 20. exf6 Nxf6 21. Ne5 Bb7 22. f3 Nd7 23. Nxd7 Kxd7 24. Rc3 Bd5 25. Rac1 c6 26. a4 a5 27. Re1 Rb8 28. Kc1 b5 29. axb5 cxb5 30. Bf2 b4 31. Rc5 a4 32. Bg3 Rbc8 33. Kd2 a3 34. bxa3 bxa3 35. Ra1 Rxc5 36. dxc5 a2 37. Kc3 Kc6 38. Bd6 Ra8 39. Kd4 Ra4+ 40. Kc3 Rc4+ 41. Kd3 Rb4 42. Kc2 Kb5 43. Bf8 g6 44. Bg7 Bc4 45. Re1 Rb1 0-1

[Event "Titled Tuesday intern op 14th May Late"]
[Site "Chess.com INT"]
[Date "2024.05.14"]
[Round "6"]
[White "Kaplan, Ebru"]
[Black "Gallegos, Carlos"]
[Result "0-1"]
[WhiteElo "1966"]
[BlackElo "2374"]
[PlyCount "48"]
[EventDate "2024.05.14"]
[EventType "swiss (blitz)"]
[EventRounds "11"]
[EventCountry "USA"]
[SourceTitle "CB21_2024"]
[SourceDate "2024.05.22"]
[SourceVersion "1"]
[SourceVersionDate "2024.05.22"]
[SourceQuality "1"]

1. e4 d6 2. d4 Nf6 3. Nc3 c6 4. Nf3 Qa5 5. Bd3 e5 6. 0-0 Be7 7. Re1 0-0 8. Bd2 Qc7 9. h3 Re8 10. dxe5 dxe5 11. a4 h6 12. Qc1 Bf8 13. Be3 Nbd7 14. a5 Nc5 15. Qd2 Be6 16. b4 Nxd3 17. Qxd3 Bxb4 18. Bd2 Rad8 19. Qe3 Bxa5 20. Nb5 cxb5 21. Bxa5 b6 22. Bc3 Nd7 23. Reb1 Rc8 24. Bb2 a5 0-1

[Event "Titled Tuesday intern op 14th May Late"]
[Site "Chess.com INT"]
[Date "2024.05.14"]
[Round "9"]
[White "Samborski, Henryk"]
[Black "Gallegos, Carlos"]
[Result "0-1"]
[WhiteElo "2085"]
[BlackElo "2374"]
[PlyCount "60"]
[EventDate "2024.05.14"]
[EventType "swiss (blitz)"]
[EventRounds "11"]
[EventCountry "USA"]
[SourceTitle "CB21_2024"]
[SourceDate "2024.05.22"]
[SourceVersion "1"]
[SourceVersionDate "2024.05.22"]
[SourceQuality "1"]

1. Nf3 d6 2. d4 Nf6 3. g3 Nbd7 4. Bg2 e5 5. 0-0 Be7 6. b3 c6 7. Bb2 e4 8. Ne1 d5 9. c4 0-0 10. f3 exf3 11. exf3 dxc4 12. bxc4 Nb6 13. Nd2 Bb4 14. Rc1 Be6 15. c5 Nbd5 16. Nc4 Ba5 17. Rf2 Bc7 18. f4 Ng4 19. Re2 Re8 20. Nf3 b5 21. Nce5 Nxe5 22. dxe5 Qd7 23. Rd2 Rad8 24. Qe2 Bh3 25. Rcd1 Bxg2 26. Kxg2 Qg4 27. Nd4 Nxf4+ 28. Kh1 Nxe2 29. Nxe2 Rxd2 30. Rxd2 Qe4+ 0-1

[Event "Titled Tuesday intern op 30th Apr Early"]
[Site "Chess.com INT"]
[Date "2024.04.30"]
[Round "4"]
[White "Gallegos, Carlos"]
[Black "Koval, Artem"]
[Result "0-1"]
[WhiteElo "2374"]
[BlackElo "2193"]
[PlyCount "118"]
[EventDate "2024.04.30"]
[EventType "swiss (blitz)"]
[EventRounds "11"]
[EventCountry "USA"]
[SourceTitle "CB19_2024"]
[SourceDate "2024.05.08"]
[SourceVersion "1"]
[SourceVersionDate "2024.05.08"]
[SourceQuality "1"]

1. e4 c5 2. Nf3 d6 3. d3 Nf6 4. Nbd2 Nc6 5. h3 g6 6. c3 Bg7 7. Be2 0-0 8. 0-0 Rb8 9. Re1 b5 10. d4 b4 11. d5 Na5 12. c4 e6 13. Bd3 exd5 14. exd5 Re8 15. Rb1 Bd7 16. Rxe8+ Qxe8 17. b3 Nb7 18. Qc2 a5 19. Ne4 Nxe4 20. Bxe4 a4 21. Bf4 Ra8 22. Re1 Qd8 23. Bg5 Bf6 24. h4 axb3 25. axb3 Ra3 26. Qd1 Bg4 27. Bc2 Ra2 28. Bb1 Rb2 29. Qc1 Rxb3 30. Bxf6 Qxf6 31. Qh6 Bd7 32. Ng5 Qg7 33. Qxg7+ Kxg7 34. Bc2 Rc3 35. Re7 Rxc2 36. Rxf7+ Kg8 37. Rxd7 Na5 38. Rd8+ Kg7 39. Rb8 b3 40. Rb5 b2 41. Kh2 Nxc4 42. f4 Rc1 43. Rb7+ Kf8 44. Nxh7+ Ke8 45. Nf6+ Kd8 46. Rb8+ Kc7 47. Rb3 b1Q 48. Rxb1 Rxb1 49. h5 gxh5 50. Kg3 Ne3 51. f5 Nxf5+ 52. Kf4 Ne7 53. Kg5 Rd1 54. Ne8+ Kd7 55. Nf6+ Kd8 56. Ne4 Nxd5 57. Nxd6 Ne3 58. Ne4 c4 59. Kf4 Nxg2+ 0-1

[Event "Titled Tuesday intern op 30th Apr Early"]
[Site "Chess.com INT"]
[Date "2024.04.30"]
[Round "7"]
[White "Gallegos, Carlos"]
[Black "Quirke, Jeffrey"]
[Result "1/2-1/2"]
[WhiteElo "2374"]
[BlackElo "1992"]
[PlyCount "139"]
[EventDate "2024.04.30"]
[EventType "swiss (blitz)"]
[EventRounds "11"]
[EventCountry "USA"]
[SourceTitle "CB19_2024"]
[SourceDate "2024.05.08"]
[SourceVersion "1"]
[SourceVersionDate "2024.05.08"]
[SourceQuality "1"]

1. e4 c5 2. Nf3 Nc6 3. Bb5 Nf6 4. Qe2 g6 5. Nc3 Bg7 6. Bxc6 bxc6 7. 0-0 0-0 8. d3 d6 9. e5 Nd5 10. Ne4 Bg4 11. exd6 exd6 12. h3 Bxf3 13. Qxf3 Nb4 14. Qd1 f5 15. Ng5 Qd7 16. c4 a5 17. a3 Na6 18. Rb1 Nc7 19. Bd2 a4 20. Re1 Rfe8 21. Rxe8+ Nxe8 22. Bc3 Nf6 23. Qe2 Re8 24. Qc2 Qa7 25. b3 axb3 26. Qxb3 h6 27. Nf3 Re7 28. Qb8+ Qxb8 29. Rxb8+ Kf7 30. Rc8 Ra7 31. Rxc6 Ke7 32. Bb2 Rb7 33. Bxf6+ Bxf6 34. Ra6 Rb1+ 35. Kh2 Rd1 36. Ra7+ Ke6 37. Rh7 h5 38. h4 Rxd3 39. Ng5+ Bxg5 40. hxg5 Rxa3 41. Rg7 Rc3 42. Rxg6+ Ke5 43. Rg8 Rxc4 44. g6 Rh4+ 45. Kg3 Rg4+ 46. Kf3 c4 47. Ke3 Rxg2 48. f4+ Kd5 49. g7 c3 50. Rc8 Rxg7 51. Rxc3 Rh7 52. Kf2 h4 53. Kg2 h3+ 54. Kh2 Ke6 55. Re3+ Kd7 56. Rd3 Kc6 57. Rc3+ Kd5 58. Rd3+ Ke4 59. Rxd6 Kxf4 60. Rd4+ Kf3 61. Rd3+ Kg4 62. Rg3+ Kf4 63. Rb3 Kg5 64. Rg3+ Kf6 65. Rf3 Rh5 66. Rf1 Ke5 67. Re1+ Kf6 68. Rf1 Ke5 69. Re1+ Kf6 70. Rf1 1/2-1/2

[Event "Titled Tuesday intern op 16th Apr Early"]
[Site "Chess.com INT"]
[Date "2024.04.16"]
[Round "5"]
[White "Vila Dupla, Aurelio"]
[Black "Gallegos, Carlos"]
[Result "0-1"]
[WhiteElo "2042"]
[BlackElo "2374"]
[PlyCount "69"]
[EventDate "2024.04.16"]
[EventType "swiss (blitz)"]
[EventRounds "11"]
[EventCountry "USA"]
[SourceTitle "CB17_2024"]
[SourceDate "2024.04.24"]
[SourceVersion "1"]
[SourceVersionDate "2024.04.24"]
[SourceQuality "1"]

1. e4 d6 2. d4 Nf6 3. Nc3 c6 4. Nf3 Qa5 5. e5 Ne4 6. Bd3 Nxc3 7. bxc3 dxe5 8. dxe5 Bg4 9. 0-0 Nd7 10. e6 Bxe6 11. Rb1 Nc5 12. Nd4 Bc8 13. Bc4 e6 14. Qg4 h5 15. Qg3 Ne4 16. Qf4 Nd6 17. Bb3 Be7 18. Nf3 Qf5 19. Qg3 h4 20. Qf4 Qxf4 21. Bxf4 Nb5 22. c4 Nc3 23. Rbe1 a5 24. Be5 a4 25. Bxc3 axb3 26. axb3 h3 27. Bxg7 Rg8 28. Be5 Rxg2+ 29. Kh1 Ra2 30. Re2 f6 31. Bd4 e5 32. Bc3 Bg4 33. Ng1 Bxe2 34. Re1 Bg4 35. Nxh3 0-1

[Event "Titled Tuesday intern op 02nd Apr Late"]
[Site "Chess.com INT"]
[Date "2024.04.02"]
[Round "11"]
[White "Gallegos, Carlos"]
[Black "Palacio, Igor Da Paz"]
[Result "1-0"]
[WhiteElo "2374"]
[BlackElo "2172"]
[PlyCount "107"]
[EventDate "2024.04.02"]
[EventType "swiss (blitz)"]
[EventRounds "11"]
[EventCountry "USA"]
[SourceTitle "CB15_2024"]
[SourceDate "2024.04.10"]
[SourceVersion "1"]
[SourceVersionDate "2024.04.10"]
[SourceQuality "1"]

1. d4 Nf6 2. Nf3 g6 3. c4 Bg7 4. Nc3 d6 5. g3 0-0 6. Bg2 Nbd7 7. 0-0 e5 8. e4 c6 9. dxe5 dxe5 10. Qd6 Re8 11. Bg5 h6 12. Be3 Bf8 13. Qd2 Kh7 14. Rad1 Ng4 15. Bh3 Ngf6 16. Qc2 Qe7 17. a3 a5 18. Na4 Bg7 19. c5 Nf8 20. Bxc8 Raxc8 21. Rd6 Ng4 22. Bc1 b5 23. Nb6 Rc7 24. h3 Nf6 25. Rfd1 N6d7 26. Nxd7 Nxd7 27. b4 axb4 28. axb4 Nf8 29. Bb2 f6 30. Qd3 Ne6 31. Rd7 Rxd7 32. Qxd7 Qxd7 33. Rxd7 Kg8 34. Rd6 Nd8 35. Rd7 Ne6 36. Rd6 Nd8 37. h4 Kf7 38. h5 g5 39. Rd7+ Kg8 40. Rc7 Bf8 41. Nh2 Re7 42. Rc8 Rd7 43. Ng4 Kg7 44. Nxe5 fxe5 45. Bxe5+ Kf7 46. f4 gxf4 47. gxf4 Be7 48. f5 Rd2 49. Rc7 Ke8 50. f6 Bf8 51. Bf4 Re2 52. e5 Ne6 53. Rc8+ Kf7 54. Bg3 1-0

[Event "Titled Tuesday intern op 12th Dec Early"]
[Site "Chess.com INT"]
[Date "2023.12.12"]
[Round "9"]
[White "Gallegos, Carlos"]
[Black "Nikulina, Alena"]
[Result "1-0"]
[WhiteElo "2374"]
[BlackElo "1844"]
[PlyCount "101"]
[EventDate "2023.12.12"]
[EventType "swiss (blitz)"]
[EventRounds "11"]
[EventCountry "USA"]
[SourceTitle "CB51_2023"]
[SourceDate "2023.12.20"]
[SourceVersion "1"]
[SourceVersionDate "2023.12.20"]
[SourceQuality "1"]

1. e4 c5 2. Nc3 e6 3. f4 Nc6 4. Nf3 d5 5. Bb5 d4 6. Bxc6+ bxc6 7. Ne2 Nf6 8. d3 Be7 9. 0-0 0-0 10. b3 a5 11. a4 Nd7 12. Ba3 f6 13. Qe1 e5 14. f5 g6 15. g4 Rf7 16. Kh1 Qf8 17. Bc1 Nb8 18. Qh4 Na6 19. Bh6 Qe8 20. fxg6 hxg6 21. g5 Nb4 22. Rac1 fxg5 23. Nxg5 Bxg5 24. Qxg5 Kh7 25. Qh4 Kg8 26. Ng3 Be6 27. Bg5 Rh7 28. Bh6 Qd7 29. Rf6 Bf7 30. Qg5 Re8 31. Rcf1 Nxc2 32. Nh5 Kh8 33. Bg7+ Rxg7 34. Nxg7 Kxg7 35. Rxf7+ Qxf7 36. Rxf7+ Kxf7 37. Qg1 Ne3 38. Qc1 Kg7 39. Qxc5 Rf8 40. Qxe5+ Kh7 41. h4 Rf1+ 42. Kh2 Rf2+ 43. Kg3 Rg2+ 44. Kh3 Rf2 45. Qxd4 Rf3+ 46. Kh2 Rf2+ 47. Kg3 Rg2+ 48. Kf3 Rg3+ 49. Kxg3 Nf5+ 50. exf5 gxf5 51. Qf6 1-0

[Event "Titled Tuesday intern op 12th Dec Early"]
[Site "Chess.com INT"]
[Date "2023.12.12"]
[Round "10"]
[White "Gallegos, Carlos"]
[Black "Tay, Junior"]
[Result "0-1"]
[WhiteElo "2374"]
[BlackElo "2230"]
[PlyCount "100"]
[EventDate "2023.12.12"]
[EventType "swiss (blitz)"]
[EventRounds "11"]
[EventCountry "USA"]
[SourceTitle "CB51_2023"]
[SourceDate "2023.12.20"]
[SourceVersion "1"]
[SourceVersionDate "2023.12.20"]
[SourceQuality "1"]

1. e4 c5 2. Nc3 Nc6 3. f4 g6 4. Nf3 Bg7 5. Bb5 Nd4 6. Bc4 a6 7. a4 e6 8. d3 Ne7 9. e5 d5 10. exd6 Nef5 11. Ne4 b6 12. c3 Nc6 13. Ne5 Nxe5 14. fxe5 Bxe5 15. Qf3 Ra7 16. g4 Bb7 17. gxf5 gxf5 18. Bf4 fxe4 19. dxe4 Qh4+ 20. Bg3 Bxg3+ 21. hxg3 Qxe4+ 22. Qxe4 Bxe4 23. Rh4 Bg6 24. 0-0-0 Kd7 25. b4 Rc8 26. Kb2 Rc6 27. b5 Rxd6 28. Rxd6+ Kxd6 29. bxa6 e5 30. Rh1 e4 31. Rd1+ Ke5 32. Kc1 f5 33. Rd5+ Kf6 34. Rd6+ Kg5 35. Rxb6 Kg4 36. Rb7 Ra8 37. a7 Kxg3 38. Bd5 f4 39. Rg7 Rxa7 40. Rxa7 f3 41. Bc4 e3 42. Re7 Kf2 43. a5 e2 44. a6 e1Q+ 45. Rxe1 Kxe1 46. Bd5 f2 47. Bg2 Be4 48. Bxe4 f1Q 49. a7 Qc4 50. Kb2 Qxe4 0-1

[Event "Titled Tuesday intern op 12th Dec Early"]
[Site "Chess.com INT"]
[Date "2023.12.12"]
[Round "5"]
[White "Gallegos, Carlos"]
[Black "Vakhidov, Shahzod"]
[Result "0-1"]
[WhiteElo "2374"]
[BlackElo "2312"]
[PlyCount "58"]
[EventDate "2023.12.12"]
[EventType "swiss (blitz)"]
[EventRounds "11"]
[EventCountry "USA"]
[SourceTitle "CB51_2023"]
[SourceDate "2023.12.20"]
[SourceVersion "1"]
[SourceVersionDate "2023.12.20"]
[SourceQuality "1"]

1. e4 c5 2. Nf3 g6 3. d3 Bg7 4. Nbd2 Nc6 5. Be2 e6 6. 0-0 Nge7 7. c3 d5 8. Re1 0-0 9. h3 b6 10. Bf1 Bb7 11. exd5 Nxd5 12. Nc4 h6 13. a4 Kh7 14. a5 bxa5 15. Qa4 Qc7 16. Nxa5 Nxa5 17. Qxa5 Nb6 18. Nd2 Qc6 19. Nb3 c4 20. dxc4 Nxc4 21. Qc5 Nb6 22. Qxc6 Bxc6 23. Be3 Rfb8 24. Na5 Be8 25. Ba6 Rd8 26. Bb7 Rab8 27. Bf3 Nd5 28. Bc1 Rdc8 29. Ra4 Bxa4 0-1

[Event "Titled Tuesday intern op 12th Dec Early"]
[Site "Chess.com INT"]
[Date "2023.12.12"]
[Round "4"]
[White "Gavrilov, Maxim"]
[Black "Gallegos, Carlos"]
[Result "1-0"]
[WhiteElo "2186"]
[BlackElo "2374"]
[PlyCount "83"]
[EventDate "2023.12.12"]
[EventType "swiss (blitz)"]
[EventRounds "11"]
[EventCountry "USA"]
[SourceTitle "CB51_2023"]
[SourceDate "2023.12.20"]
[SourceVersion "1"]
[SourceVersionDate "2023.12.20"]
[SourceQuality "1"]

1. d4 d6 2. c4 e5 3. Nf3 Nd7 4. Nc3 Ngf6 5. g3 Be7 6. Bg2 0-0 7. 0-0 c6 8. e4 exd4 9. Nxd4 Ne5 10. b3 Re8 11. Bb2 Qb6 12. h3 Nxc4 13. Na4 Nxb2 14. Nxb6 Nxd1 15. Nxa8 Nb2 16. Nc7 Rd8 17. Rab1 Nd3 18. Rfd1 Nc5 19. b4 Ncxe4 20. Re1 d5 21. f3 Nd2 22. Rbd1 Bxb4 23. Re2 Nc4 24. Kh2 Bd6 25. Ncb5 cxb5 26. Nxb5 Bc5 27. f4 Ne3 28. Rc1 Bb6 29. Bf3 Bf5 30. Nc3 d4 31. Na4 d3 32. Rd2 Ne4 33. Bxe4 Bxe4 34. Nxb6 axb6 35. Re1 Nc4 36. Rdd1 f5 37. g4 d2 38. Re2 Bf3 39. Rexd2 Rxd2+ 40. Rxd2 Nxd2 41. Kg3 Bxg4 42. Kh4 1-0

[Event "Titled Tuesday intern op 24th Oct Late"]
[Site "Chess.com INT"]
[Date "2023.10.24"]
[Round "4"]
[White "Kiladze, Luka"]
[Black "Gallegos, Carlos"]
[Result "0-1"]
[WhiteElo "2163"]
[BlackElo "2374"]
[PlyCount "86"]
[EventDate "2023.10.24"]
[EventType "swiss (blitz)"]
[EventRounds "11"]
[EventCountry "USA"]
[SourceTitle "Mega2024 Update 01"]
[Source "Chessbase"]
[SourceDate "2023.11.12"]
[SourceVersion "1"]
[SourceVersionDate "2023.11.12"]
[SourceQuality "1"]

1. d4 d6 2. e4 Nf6 3. Nc3 c6 4. Nf3 Qa5 5. Bd3 e5 6. 0-0 Be7 7. h3 0-0 8. Qe2 Nbd7 9. Be3 b5 10. a3 a6 11. Rfd1 Bb7 12. Nh4 Rfe8 13. Nf5 Bf8 14. Qf3 Qc7 15. Qg3 Kh8 16. dxe5 dxe5 17. Bg5 c5 18. f3 c4 19. Be2 Nh5 20. Qg4 Nf4 21. Bxf4 exf4 22. Bf1 Nf6 23. Qg5 Rad8 24. h4 Qe5 25. Nh6 Qc5+ 26. Kh1 Qe7 27. Nf5 Qe6 28. h5 h6 29. Qh4 Rxd1 30. Rxd1 Qe5 31. Ne2 Kh7 32. Nxf4 g5 33. hxg6+ fxg6 34. Nxg6 Kxg6 35. Be2 Kh7 36. Rg1 Nxe4 37. fxe4 Bxe4 38. Ng3 Qg5 39. Qxg5 hxg5 40. Nxe4 Rxe4 41. Re1 Rh4+ 42. Kg1 Bc5+ 43. Kf1 Rh1# 0-1

[Event "Titled Tuesday intern op 26th Sep Early"]
[Site "Chess.com INT"]
[Date "2023.09.26"]
[Round "8"]
[White "Stojanovski, Sandi"]
[Black "Gallegos, Carlos"]
[Result "1/2-1/2"]
[WhiteElo "2179"]
[BlackElo "2374"]
[PlyCount "105"]
[EventDate "2023.09.26"]
[EventType "swiss (blitz)"]
[EventRounds "11"]
[EventCountry "USA"]
[SourceTitle "EXT 2024"]
[Source "ChessBase"]
[SourceDate "2023.10.10"]
[SourceVersion "1"]
[SourceVersionDate "2023.10.10"]
[SourceQuality "1"]

1. d3 d6 2. Nf3 Nf6 3. g3 Nbd7 4. Bg2 e5 5. 0-0 Be7 6. c4 0-0 7. Nc3 c6 8. b3 Re8 9. Qc2 Bf8 10. Bb2 h6 11. e3 a6 12. Rac1 d5 13. cxd5 cxd5 14. d4 e4 15. Ne5 Bd6 16. Ne2 Nxe5 17. dxe5 Bxe5 18. Bxe5 Rxe5 19. Qc7 Qe8 20. Nd4 Re7 21. Qb6 Be6 22. Rc7 Rxc7 23. Qxc7 Qd7 24. Rc1 Rc8 25. Qxc8+ Qxc8 26. Rxc8+ Bxc8 27. Kf1 Kf8 28. h3 Ke7 29. Ke2 Kd6 30. Kd2 g6 31. b4 Nd7 32. Bf1 Ne5 33. h4 Nc6 34. Kc3 Ke5 35. Nxc6+ bxc6 36. a3 g5 37. hxg5 hxg5 38. Be2 f5 39. Bf1 f4 40. gxf4+ gxf4 41. Be2 f3 42. Bd1 Bh3 43. Ba4 Bd7 44. Bb3 Bc8 45. Bc2 Bd7 46. Bb1 Be8 47. Ba2 Bd7 48. Bb3 Bc8 49. Ba4 Bd7 50. Bd1 Bc8 51. Bc2 Bd7 52. Ba4 Bc8 53. Bc2 1/2-1/2

[Event "Titled Tuesday intern op 12th Sep Early"]
[Site "Chess.com INT"]
[Date "2023.09.12"]
[Round "7"]
[White "Bodnaruk, Anastasia"]
[Black "Gallegos, Carlos"]
[Result "1-0"]
[WhiteElo "2340"]
[BlackElo "2374"]
[PlyCount "117"]
[EventDate "2023.09.12"]
[EventType "swiss (blitz)"]
[EventRounds "11"]
[EventCountry "USA"]
[SourceTitle "EXT 2024"]
[Source "ChessBase"]
[SourceDate "2023.10.10"]
[SourceVersion "1"]
[SourceVersionDate "2023.10.10"]
[SourceQuality "1"]

1. e4 d6 2. d4 Nf6 3. Nc3 c6 4. f4 Qa5 5. Bd3 e5 6. Nf3 Nbd7 7. 0-0 Be7 8. h3 0-0 9. Be3 Re8 10. a3 Bf8 11. Qd2 h6 12. b4 Qc7 13. Rae1 b5 14. d5 a6 15. fxe5 dxe5 16. dxc6 Qxc6 17. Bf2 Bb7 18. Bg3 Rac8 19. Ne2 Rcd8 20. Nc1 Qc7 21. Nb3 Nb6 22. Qf2 Nc4 23. Nh4 Nb2 24. Re3 Nxd3 25. cxd3 Nh5 26. Nf5 Nxg3 27. Rxg3 Kh7 28. Nxg7 Bxg7 29. Qxf7 Qb6+ 30. Nc5 Rg8 31. Qxb7 Qxb7 32. Nxb7 Rdf8 33. Nc5 Rxf1+ 34. Kxf1 Ra8 35. Ne6 Bf6 36. Rf3 Kg6 37. Nc7 Ra7 38. Nd5 Bg5 39. Rf8 a5 40. Rb8 axb4 41. axb4 Ra1+ 42. Ke2 Ra2+ 43. Kf3 Rd2 44. Rxb5 Rxd3+ 45. Ke2 Rg3 46. Kf2 Rb3 47. Rb6+ Kf7 48. b5 h5 49. Rb7+ Ke6 50. b6 Rb2+ 51. Kf3 Rb3+ 52. Ke2 Rb2+ 53. Kf1 Rb1+ 54. Ke2 Rb2+ 55. Kd3 Rxg2 56. Rg7 Rg3+ 57. Kc4 Bh4 58. Rxg3 Bxg3 59. b7 1-0

[Event "Titled Tuesday intern op 12th Sep Early"]
[Site "Chess.com INT"]
[Date "2023.09.12"]
[Round "9"]
[White "Gallegos, Carlos"]
[Black "Musovic, Armin"]
[Result "0-1"]
[WhiteElo "2374"]
[BlackElo "2266"]
[PlyCount "88"]
[EventDate "2023.09.12"]
[EventType "swiss (blitz)"]
[EventRounds "11"]
[EventCountry "USA"]
[SourceTitle "EXT 2024"]
[Source "ChessBase"]
[SourceDate "2023.10.10"]
[SourceVersion "1"]
[SourceVersionDate "2023.10.10"]
[SourceQuality "1"]

1. e4 c6 2. Nf3 g6 3. d3 Bg7 4. Nbd2 d6 5. Be2 Nf6 6. 0-0 0-0 7. h3 Nfd7 8. Re1 Re8 9. c3 e5 10. Bf1 Nf8 11. b4 f6 12. a3 Be6 13. Bb2 Nbd7 14. d4 Rc8 15. c4 f5 16. exf5 Bxf5 17. dxe5 Nxe5 18. Bxe5 dxe5 19. Ne4 Qxd1 20. Raxd1 Rcd8 21. Nd6 Bc2 22. Nxe8 Bxd1 23. Nxg7 Bxf3 24. gxf3 Kxg7 25. Rxe5 Kf6 26. Re3 Rd1 27. Kg2 Ne6 28. Be2 Re1 29. Re4 g5 30. Bf1 Nf4+ 31. Kg1 Nxh3+ 32. Kg2 Nf4+ 33. Kg1 Rxe4 34. fxe4 Ke5 35. f3 Kd4 36. Kf2 h5 37. Kg3 Ke3 38. e5 Kd4 39. Bh3 Kxe5 40. Bc8 b6 41. c5 bxc5 42. bxc5 Kd5 43. Bd7 Kxc5 44. Be8 Kd5 0-1

[Event "Titled Tuesday intern op 12th Sep Early"]
[Site "Chess.com INT"]
[Date "2023.09.12"]
[Round "3"]
[White "Gallegos, Carlos"]
[Black "Royal, Shreyas"]
[Result "1-0"]
[WhiteElo "2374"]
[BlackElo "2407"]
[PlyCount "67"]
[EventDate "2023.09.12"]
[EventType "swiss (blitz)"]
[EventRounds "11"]
[EventCountry "USA"]
[SourceTitle "EXT 2024"]
[Source "ChessBase"]
[SourceDate "2023.10.10"]
[SourceVersion "1"]
[SourceVersionDate "2023.10.10"]
[SourceQuality "1"]

1. e4 c6 2. Nf3 d5 3. d3 Bg4 4. Be2 Nd7 5. 0-0 e5 6. Re1 Bxf3 7. Bxf3 d4 8. c3 Bc5 9. b4 Bb6 10. Bb2 Ne7 11. cxd4 Bxd4 12. Bxd4 exd4 13. Nd2 0-0 14. Nb3 Qb6 15. Rb1 Qxb4 16. Nd2 Qa3 17. Rxb7 Ne5 18. Qb3 Qa5 19. Rd1 N7g6 20. Be2 Nf4 21. Bf1 Ne6 22. Nc4 Nxc4 23. Qxc4 Rab8 24. Rdb1 Rxb7 25. Rxb7 c5 26. g3 Qe1 27. Rxa7 Ng5 28. Kg2 Nf3 29. Kxf3 Qxf1 30. Qd5 Qxd3+ 31. Kg2 h5 32. Ra8 c4 33. Rxf8+ Kxf8 34. Qd8# 1-0